Kapitoly o zborovom speve

Bibliographic Details
Main Author: Dobrodinský, Jan Maria, 1925-2022 (Author)
Format: Book
Language:English
PhysicalDescription:32 s.
Published: Bratislava Osvetový ústav 1975

MARC

LEADER 00000nam a2200000 a 4500
001 vtls008424750
003 SK-MaSNL
005 20260301165251.0
008 240318 000 0 eng
040 |a SNK  |b slo  |c SNK  |e AACR2 
041 0 |a eng 
100 1 |a Dobrodinský, Jan Maria,  |d 1925-2022  |4 aut  |9 251002 
245 1 0 |a Kapitoly o zborovom speve 
260 |a Bratislava  |b Osvetový ústav  |c 1975 
300 |a 32 s. 
958 |a OND 
999 |c 823639  |d 825569 
952 |a SNK  |b SNK  |y PREZ  |7 0  |p 17A0925106  |o snkSB 23309   |0 0  |1 0  |4 0  |d 2012-07-25  |f 1  |l 0  |r 2025-03-26 00:00:00  |w 2026-02-24 
952 |a SNK  |b SNK  |y VYP  |7 0  |p 17A0495298  |o snkSB 23309 D1  |i snkKSP 2205/76  |3 Rekatalogizácia  |0 0  |1 0  |4 0  |d 2006-01-18  |l 0  |r 2026-02-24 03:14:13  |w 2026-02-24